| 000 | 01052nam a22003017a 4500 | ||
|---|---|---|---|
| 003 | CHAP | ||
| 005 | 20220329135502.0 | ||
| 008 | 971013s1979 r 00010 d | ||
| 010 | _a37368 | ||
| 011 | _a38340 | ||
| 035 | _a42460 | ||
| 040 | _cCHAP | ||
| 082 |
_a972.03 _bO8 |
||
| 100 | 0 | 0 |
_aOtero, Mario. _984325 |
| 245 | _aEnsayo sobre el verdadero estado de la cuestión y política que se agita en la República Mexicana | ||
| 260 |
_aMéxico, D. F. : _bComisión Federal de Electricidad, _c1979 |
||
| 300 |
_a148 p. _b: ilus. |
||
| 590 |
_aBATCH-UPD _b10 _c20130110 _lUCH01 _h0902 |
||
| 590 |
_aBATCH-UPD _b10 _c20130410 _lUCH01 _h0530 |
||
| 590 |
_aBATCH-UPD _b10 _c20130914 _lUCH01 _h1824 |
||
| 590 |
_aCONVERSION _b10 _c20130109 _lUCH01 _h1321 |
||
| 650 | 1 | 4 |
_aMéxico _xCondiciones sociales. _976730 |
| 650 | 1 | 4 |
_aMéxico _xHistoria _xIndependencia. _976761 |
| 901 | _aBK | ||
| 942 | _cLIBRO | ||
| 949 |
_a972.03 O8 _bBC _cLIBRO _d33724000150579 _eLIBRO _h58607 _i42460 _si |
||
| 949 |
_a972.03 O8 _bBC _cLIBRO _d33724000273710 _eLIBRO _fc.2 _h72782 _i42460 _si |
||
| 999 |
_c37368 _d37368 |
||